Normal view
MARC view
- WALLACE,HARVEY
Entry Personal Name
001 - CONTROL NUMBER
- control field: 133246
003 - CONTROL NUMBER IDENTIFIER
- control field: NUST
005 - DATE AND TIME OF LATEST TRANSACTION
- control field: 20260216151300.0
008 - FIXED-LENGTH DATA ELEMENTS
- fixed length control field: 260216|| aca||aabn | a|a d
040 ## - CATALOGING SOURCE
- Original cataloging agency: NUST
- Transcribing agency: NUST
100 ## - HEADING--PERSONAL NAME
- Personal name: WALLACE,HARVEY
670 ## - SOURCE DATA FOUND
- Source citation: Work cat.: (NUST): WALLACE,HARVEY., WRITTEN AND INTERPERSONAL COMMUNICATION METHODS FOR LAW ENFORCEMENT /, 2004.
